000 00271nam a2200097Ia 4500
001 684039
005 20250826161450.0
008 250824s9999 xx 000 0 und d
245 0 _aBİN YIL ÖNCE BİN YIL SONRA
_cŞÜKRÜ HALUK AKALIN
260 _bTÜRK DİL KURUMU YAYINLARI
999 _c684039
_d684039